00261nam a22000977a 4500008004100000082002100041245004800062260003700110300000800147440000800155230703b xxu||||| |||| 00| 0 eng d a342.16bIPU 2002 aConstitutional & Parliamentary Information  bInter-Parliamentary Union c2002 a58p n183